Tensor calculus through Differential Geometry /
Guardado en:
| Autor Principal: | |
|---|---|
| Formato: | Libro |
| Idioma: | English |
| Publicado: |
London :
Butterworths,
1965.
|
| Materias: | |
| Etiquetas: |
Agregar Etiqueta
Sin Etiquetas, Sea el primero en etiquetar este registro!
|
| LEADER | 00961nam a22001935a 4500 | ||
|---|---|---|---|
| 001 | EUN.eunm009052 | ||
| 008 | 041125s1965####xxka#####b####001#0#eng#d | ||
| 005 | 20230413140238.0 | ||
| 245 | 1 | 0 | |a Tensor calculus through Differential Geometry / |c J. Abram. |
| 260 | |a London : |b Butterworths, |c 1965. | ||
| 300 | |a v p., 170 p. : |b ilus. ; |c 23 cm. | ||
| 504 | |a Bibliografía: p. 166. | ||
| 504 | |a Índice de materias: p. 167-170. | ||
| 505 | 0 | 0 | |t Preface -- 1. Introductory Concepts -- 2. The Two-dimensional Curved Surface -- 3. Special Results -- 4. Some Riemannian Geometry -- 5. Differential Geometry -- 6. Further Differential Geometry -- 7. Applications of Tensor Methods to the Mechanics of Continuous Media -- 8. Applications of Tensor Methods to Dynamics -- Bibliography -- Index. |
| 100 | 1 | |a Abram, J. |q (John) | |
| 082 | 0 | 4 | |a 516.8 |
| 650 | 7 | |a Geometría diferencial. |2 embne | |
| 650 | 7 | |a Cálculo. |2 embne | |
| 859 | |a AR-BaUNS |b BIB. CENTRAL - Sector C |h 516.8 |i Ab83 |p 1087/967 | ||
